| 000 | 01083 a2200337 4500 | ||
|---|---|---|---|
| 001 | 200130275 | ||
| 003 | TR-AnTOB | ||
| 005 | 20250903175623.0 | ||
| 008 | 141014p20122013tu 000 0 | ||
| 020 | _a9786051410135 | ||
| 040 |
_aTR-AnTOB _cTR-AnTOB _beng _erda |
||
| 041 | _atur | ||
| 050 | 0 | 0 |
_aPL248.U45 _bS85 2013 |
| 090 | _aPL248.U45 S85 2013 | ||
| 100 | 1 |
_aÜmit, Ahmet, _d1960- _999205 |
|
| 245 | 0 |
_aSultanı öldürmek : _bgün akşamlıdır devletlûm! / _cAhmet Ümit. |
|
| 264 | 1 |
_aİstanbul : _bEverest Yayınkları, _c2013 |
|
| 300 |
_a517 pages ; _c23 cm. |
||
| 336 |
_2rdacontent _atext _btxt |
||
| 337 |
_2rdamedia _aunmediated _bn |
||
| 338 |
_2rdacarrier _avolume _bnc |
||
| 490 | 0 |
_aEverest ; _v1074 _aTürkçe Edebiyat ;; _v374 |
|
| 600 | 0 | 0 |
_aMehmed, _bII, _cSultan of the Turks, _d1432-1481 _992340 |
| 650 | 0 | 0 |
_aHistorical fiction, Turkish _9100982 |
| 650 | 0 | 0 |
_aTurkish fiction _97165 |
| 650 | 0 |
_aTarihi roman _988729 |
|
| 650 | 0 | 7 |
_aTarihi roman, Türk _2etuturkob _992341 |
| 650 | 7 |
_aTürk romanı _2etuturkob _99421 |
|
| 942 |
_cBK _2lcc |
||
| 999 |
_c200130275 _d36989 |
||